[Event "18th IRI-chT Super League 2019"]
[Site "Tehran"]
[Date "2019.11.27"]
[Round "7.8"]
[White "Khodabandeh, Milad"]
[Black "Gholami, Aryan"]
[Result "0-1"]
[WhiteElo "1972"]
[BlackElo "2549"]
[Annotator "TA"]
[PlyCount "114"]
[EventDate "2019.11.23"]
[EventType "team-tourn"]
[EventCountry "IRI"]
[SourceTitle "playchess.com"]
[Source "ChessBase"]
[SourceQuality "1"]

{[%evp 13,114,31,33,33,31,25,50,54,54,50,49,54,50,50,39,29,44,18,12,20,9,0,0,0,0,0,0,0,0,0,0,0,0,0,0,-18,-14,-29,-4,-44,-48,-113,-79,-75,-77,-148,-153,-167,-144,-200,-214,-199,-197,-333,-319,-316,-306,-305,-210,-310,-304,-331,-297,-365,-364,-335,-352,-461,-457,-427,-370,-384,-409,-402,-408,-394,-386,-619,-608,-690,-846,-943,-826,-1387,-1551,-1367,-1306,-1207,-1347,-846,-1089,-1764,-1764,-1764,-1764,-1713,-1604,-1410,-1137,-1599,-1500,-6079,-5821]} 1. e4 c5 2. Nf3 e6 3. d4 cxd4 4. Nxd4 a6 5. Bd3 g6 6. O-O Bg7 7. Nb3 Nc6 8. Nc3 {B42: Sicilian: Kan Variation: 5 Bd3} (8. c4 Qc7 9. Nc3 Nf6 10. Be3 d6 11. Rc1 Nd7 12. Qd2 O-O 13. Rfd1 Re8 14. Be2 Bf8 15. Bh6 Bxh6 16. Qxh6 {1-0 (26) Kokarev,D (2608)-Papin,V (2500) Vladivostok 2015}) 8... Nf6 $146 ({Predecessor:} 8... b5 9. Be3 Nge7 10. Qd2 O-O 11. Bh6 Bxh6 12. Qxh6 f5 13. exf5 Nxf5 14. Qd2 Nh4 15. f4 Qb6+ {½-½ (35) Vokhidov,S (2304)-Papin,V (2501) Tashkent 2015}) 9. Bg5 h6 10. Bf4 {White is slightly better.} d6 11. Be2 e5 12. Be3 Be6 13. Qd2 Qc7 14. Rfd1 Rd8 $1 15. Nd5 Bxd5 16. exd5 Ne7 {[%cal Bc6e7,Be7f5,Bf5e3][%mdl 32]} 17. c4 Nf5 18. Qa5 Qxa5 19. Nxa5 Nxe3 20. fxe3 Rd7 21. Rac1 h5 22. b4 Bh6 23. Rc3 O-O 24. Rb3 Rc8 (24... b6 $5 25. Nc6 $8 a5 $11) 25. g3 Bg5 26. Bf1 Ng4 $36 {[%mdl 2048] Black has some pressure.} 27. Bh3 (27. e4 $15) 27... f5 28. Bxg4 hxg4 29. c5 (29. Rc3 $142) 29... dxc5 $17 30. Nc4 {[#]} Rcd8 $1 {...b5 is the strong threat.} 31. bxc5 (31. b5 $17) 31... Rxd5 $19 32. Rxd5 Rxd5 33. Rxb7 (33. Rb6 $142 Rxc5 34. Rxg6+ Kf7 35. Nxe5+ Rxe5 36. Rxg5) 33... Rxc5 $17 {[%mdl 4096] Endgame KRB-KRN} 34. Rb4 a5 35. Ra4 Kf7 36. Kf2 (36. e4 $142) 36... Ke6 $19 37. Ke2 Bd8 38. Nd2 e4 39. Rd4 Bf6 40. Rc4 Kd5 41. Ra4 Bc3 42. Nb1 Be5 43. Nd2 Bc7 44. Rd4+ Kc6 45. Nb3 $2 {[#]} (45. Nc4) 45... Rc2+ {Black is clearly winning.} 46. Rd2 Rxd2+ 47. Kxd2 {KB-KN} Bb6 48. Na1 a4 49. Nc2 Ba5+ 50. Ke2 Bc3 51. Na3 Kc5 52. Kd1 Kb4 53. Nc2+ Kc4 54. Ke2 Ba5 55. Nd4 Kc3 56. Nb5+ Kb2 57. a3 Bb6 {Accuracy: White = 43%, Black = 93%.} 0-1

[Event "18th IRI-chT Super League 2019"]
[Site "Tehran"]
[Date "2019.11.27"]
[Round "7.9"]
[White "Pourramezanali, Amirreza"]
[Black "Marzoughi, Mohammadsadegh"]
[Result "1-0"]
[WhiteElo "2486"]
[BlackElo "1892"]
[Annotator "TA"]
[PlyCount "61"]
[EventDate "2019.11.23"]
[EventType "team-tourn"]
[EventCountry "IRI"]
[SourceTitle "playchess.com"]
[Source "ChessBase"]
[SourceQuality "1"]

{[%evp 17,61,48,55,43,45,48,49,34,49,48,81,74,70,76,120,137,122,128,129,130,133,131,150,152,151,114,131,100,131,122,142,145,243,243,250,241,531,577,569,533,620,563,624,612,624,616]} 1. d4 Nf6 2. g3 d5 3. c4 c6 4. Nf3 g6 5. Bg2 Bg7 6. O-O O-O 7. Qb3 Nbd7 8. cxd5 cxd5 9. Nc3 Nb6 10. Bf4 {D78: Fianchetto Grünfeld: 6 0-0 c6} (10. Ne5 Be6 11. Nd3 Ne4 12. Nf4 Nxc3 13. bxc3 Qd7 14. e4 dxe4 15. Nxe6 Qxe6 16. Qxe6 fxe6 17. Bh3 e5 {1-0 (60) Teterev,V (2487)-Borsuk,Y (2280) Minsk 2017}) 10... Nh5 11. Be3 Nf6 $146 ({Predecessor:} 11... e6 12. Bg5 Nf6 13. Ne5 h6 14. Be3 Nfd7 15. f4 Nxe5 16. fxe5 Nc4 17. Bc1 Na5 {1-0 (47) Piesik,P (2372)-Popiol,M (2126) Katowice 2018}) 12. Rac1 {White is slightly better.} Bd7 13. Ne5 Ng4 14. Nxg4 Bxg4 15. Rfd1 ({Much worse is} 15. Nxd5 $6 Be6 $11) 15... a6 16. Nxd5 Nxd5 17. Qxd5 Qxd5 18. Bxd5 Bxe2 19. Rd2 Rfd8 20. Bxb7 ({Much less strong is} 20. Rxe2 $6 Rxd5 21. Rc7 e6 $11) 20... Rab8 21. Rc7 Bb5 22. b3 ({Don't take} 22. Rxe7 Bf8 $14) 22... Bf6 23. f4 e6 24. d5 Bc3 (24... exd5 $16 25. Bxd5 Be8) 25. Rxc3 $18 Rxb7 26. d6 {aiming for Rc7.} Kf8 $2 {[#]} (26... Bd7 {was necessary.} 27. Rc7 Bc8) 27. Rc7 {White is clearly winning.} Rbb8 28. d7 Ke7 29. Bc5+ Kf6 30. Ba7 Ra8 31. a4 {Accuracy: White = 93%, Black = 40%.} 1-0

[Event "18th IRI-chT Super League 2019"]
[Site "Tehran"]
[Date "2019.11.27"]
[Round "7.10"]
[White "Mohammad Ebrahimkhan Abri, Dorsa"]
[Black "Asadi, Motahare"]
[Result "0-1"]
[WhiteElo "1967"]
[BlackElo "2232"]
[Annotator "TA"]
[PlyCount "42"]
[EventDate "2019.11.23"]
[EventType "team-tourn"]
[EventCountry "IRI"]
[SourceTitle "playchess.com"]
[Source "ChessBase"]
[SourceQuality "1"]

{[%evp 18,42,12,-11,62,12,18,0,-8,-39,-34,-46,0,-9,0,0,0,-33,-18,-11,-8,-12,-2,-66,-55,-93,-82]} 1. d4 Nf6 2. Nf3 g6 3. c4 Bg7 4. Nc3 d5 5. cxd5 Nxd5 6. e4 Nxc3 7. bxc3 O-O 8. Be2 c5 9. Rb1 Nc6 10. d5 Na5 {D85: Exchange Grünfeld: Unusual White 7th moves and lines with 7 Nf3} (10... Bxc3+ $11 11. Bd2 Bxd2+ 12. Qxd2 Na5) (10... Ne5 11. Nxe5 Bxe5 12. Qd2 e6 13. f4 Bg7 14. O-O exd5 15. exd5 Qd6 16. c4 Bd4+ 17. Kh1 b6 18. Bd3 Bd7 19. f5 Rae8 20. Qh6 Bg7 21. Bf4 Qf6 {1-0 (35) Sarana,A (2630)-Robson,R (2667) chess.com INT 2019}) 11. Bb2 Bg4 $146 ({Predecessor:} 11... Bd7 12. O-O Qc7 13. c4 Bg4 14. Bxg7 Kxg7 15. Qc2 b6 16. h3 Bxf3 17. Bxf3 {1-0 (56) Deng,J-Vu,B Taipa 2014}) 12. c4 Bxf3 {The position is equal.} 13. gxf3 Bxb2 14. Rxb2 e5 15. h4 b6 16. Qd2 Qf6 17. Rc2 Nb7 18. h5 g5 19. Qe3 h6 20. Kd2 (20. Bf1 $11) 20... Nd6 21. Rcc1 Qe7 {Accuracy: White = 33%, Black = 50%.} 0-1

[Event "18th IRI-chT Super League 2019"]
[Site "Tehran"]
[Date "2019.11.27"]
[Round "8.1"]
[White "Korevand, Sina"]
[Black "Idani, Pouya"]
[Result "1/2-1/2"]
[WhiteElo "2076"]
[BlackElo "2570"]
[Annotator "TA"]
[PlyCount "146"]
[EventDate "2019.11.23"]
[EventType "team-tourn"]
[EventCountry "IRI"]
[SourceTitle "playchess.com"]
[Source "ChessBase"]
[SourceQuality "1"]

{[%evp 11,146,27,47,34,54,12,18,-4,0,-4,8,-17,-13,-35,-34,-50,-22,-36,-39,-36,-8,-18,0,-71,-68,-75,-78,-116,-80,-73,-71,-109,-91,-97,-105,-108,-111,-104,-102,-114,-111,-133,-132,-143,-147,-149,-147,-146,-109,-147,-139,-158,-147,-141,-93,-92,-94,-95,-95,-97,-97,-153,-153,-153,-153,-153,-153,-153,-153,-153,-153,-179,-155,-155,-155,-155,-155,-155,-155,-155,-155,-155,-155,-168,-155,-160,-63,-46,0,-160,0,0,0,0,0,0,0,0,0,0,0,0,0,0,0,0,0,0,0,0,0,0,0,0,0,-29,0,0,0,0,0,0,0,0,0,0,0,0,0,0,0,0,0,0,0,0,0]} 1. d4 Nf6 2. Nc3 g6 3. e4 d6 4. Nf3 Bg7 5. Be2 O-O 6. O-O a6 7. a4 {B08: Pirc Defence: Classical System} a5 8. Nd2 $146 ({Predecessor:} 8. e5 Nfd7 9. exd6 cxd6 10. Nb5 Nf6 11. Re1 Nc6 12. c3 e5 13. dxe5 dxe5 14. Be3 e4 15. Qxd8 Rxd8 {½-½ (47) Ma,Z (2471)-Lu,S (2641) Sanya 2017}) 8... Nc6 9. Nb5 e5 10. d5 Nb4 {[%cal Bc6b4,Bb4a6,Ba6c5][%mdl 32]} 11. c3 Na6 $1 12. c4 Bh6 13. Qc2 Nc5 14. Nc3 Nfd7 15. Bg4 Bg7 16. Bxd7 Nxd7 17. b4 (17. Nb3 $11) 17... axb4 $17 18. Na2 Nc5 $36 {[%mdl 2048] White is under strong pressure.} 19. Nxb4 Bd7 {Hoping for ...f5.} 20. a5 Qe8 21. Nd3 {Nxc5 would now be nice for White.} Ba4 22. Qc3 Nxd3 23. Qxd3 Rxa5 24. Qc3 b6 25. Nb3 Ra6 26. Be3 f5 27. f3 Qd7 28. Nd2 Rfa8 29. Ra3 Qc8 30. Rfa1 Bd7 31. Qb4 Qb7 32. Nb1 fxe4 33. fxe4 Rxa3 34. Rxa3 Rxa3 35. Nxa3 Qa8 36. Nb5 ({Better is} 36. Qc3) 36... Qa1+ 37. Kf2 Qa2+ 38. Kg1 Qe2 39. Qc3 Bxb5 40. cxb5 Bf6 41. g3 Qf3 42. Qc1 Qxe4 {...Bd8 is the strong threat.} 43. Bf2 Bd8 44. Qc6 Qf5 45. Qe8+ Qf8 46. Qe6+ Kg7 47. Be3 Qf5 48. Qe8 Bf6 (48... Qf6 $1 $17 49. Qd7+ Qe7) 49. Qc6 $1 $15 Bd8 (49... Qb1+ $15 50. Bc1 h5 51. Qxc7+ Kg8 52. Qc8+ Kh7 53. Qc7+ Bg7) 50. Qe8 $1 $17 {[#]} Bg5 $2 (50... Qf6 $1 $17 51. Qd7+ Qe7) 51. Bxg5 $11 Qxg5 {[%mdl 4096] Endgame KQ-KQ} 52. Qd7+ Kf6 53. Qe6+ Kg7 54. Qd7+ Kh6 {And now ...Qe3+ would win.} 55. Qxc7 Qe3+ 56. Kg2 Qe2+ 57. Kg1 $1 Qd1+ 58. Kf2 Qd4+ 59. Kf1 $1 Qxd5 60. Qxb6 Qd3+ 61. Kf2 {aiming for Qe3+.} Qd2+ 62. Kf3 {Threatens to win with Qe3+.} g5 63. Qd8 {Threatening mate with Qf6+.} Qd3+ (63... e4+ $5 64. Kxe4 Qe2+ 65. Kd5 Qxb5+ 66. Kxd6 Qd3+ 67. Ke7 Qe2+ 68. Kf7 Qh5+ 69. Kf6 Qxh2 70. Qf8+ Kh5 71. Qe8+ Kh6 72. Qf8+ Kh5 73. Qe8+ Kh6 74. Qf8+ $11) 64. Kg2 {Strongly threatening Qf6+.The position is equal.} Qe4+ ({Not} 64... Qxb5 65. Qf6+ Kh5 {[#]} 66. g4+ $1 {[%mdl 512]} Kh4 67. Qf2+ Kxg4 68. Qf3+ Kh4 69. Qh3#) 65. Kg1 Qd4+ 66. Kg2 {Black must now prevent Qf6+.} Kg6 67. b6 Qe4+ 68. Kg1 Qe1+ 69. Kg2 Qe2+ 70. Kg1 Qd1+ 71. Kg2 Qd5+ 72. Kg1 Qc5+ 73. Kg2 Qd5+ {Accuracy: White = 46%, Black = 56%.} 1/2-1/2

[Event "18th IRI-chT Super League 2019"]
[Site "Tehran"]
[Date "2019.11.27"]
[Round "8.2"]
[White "Mosadeghpour, Masoud"]
[Black "Molaei, Mohammadamin"]
[Result "1/2-1/2"]
[WhiteElo "2500"]
[BlackElo "2321"]
[Annotator "TA"]
[PlyCount "55"]
[EventDate "2019.11.23"]
[EventType "team-tourn"]
[EventCountry "IRI"]
[SourceTitle "playchess.com"]
[Source "ChessBase"]
[SourceQuality "1"]

{[%evp 19,55,0,0,0,0,0,0,8,10,23,14,-8,24,22,47,39,54,52,76,15,15,14,22,13,17,19,38,24,21,18,30,0,0,0,0,0,0,0]} 1. d4 d5 2. Nf3 Nf6 3. Bf4 g6 4. Nc3 Bg7 5. e3 O-O 6. Be2 c5 7. dxc5 Qa5 8. Nd2 Qxc5 9. Nb3 Qb6 10. O-O Nc6 {[%cal Bb8c6,Bc6b4,Bb4c2][%mdl 32]} 11. a4 {D00: 1 d4 d5: Unusual lines} a5 (11... Na5 12. Nxa5 Qxa5 13. Nb5 Bf5 14. c3 Rfc8 15. Qb3 Bd7 16. Rfd1 Qd8 17. Be5 e6 18. c4 Bc6 {½-½ (65) Dgebuadze,A (2510)-Akesson,R (2446) Helmond 2014}) 12. Nxd5 Nxd5 13. Qxd5 {Black should prevent Qb5.} Bxb2 $146 ({Predecessor:} 13... Nb4 14. Qb5 Qxb5 15. axb5 a4 16. Nc5 Nxc2 17. Rxa4 Rxa4 18. Nxa4 e5 {½-½ (56) Keijzer,R (1852)-Schunken,R (1996) ICCF email 2006}) 14. Rab1 Bf6 15. Bf3 Nb4 16. Qc5 Qxc5 17. Nxc5 Nxc2 18. Rb6 Kg7 19. Bc7 ({White should play} 19. g4 $16) 19... Nb4 $11 20. Rd1 Na6 21. Nxa6 Rxa6 22. Rb5 Be6 23. Rxb7 Rc8 24. g4 h6 25. Rc1 Rd6 {The position is equal.} 26. Rbb1 Rd7 27. Bxa5 Ra7 28. Rxc8 {Accuracy: White = 62%, Black = 49%.} 1/2-1/2

[Event "18th IRI-chT Super League 2019"]
[Site "Tehran"]
[Date "2019.11.27"]
[Round "8.3"]
[White "Delavari, Amirali"]
[Black "Mousavi, Seyed Khalil"]
[Result "0-1"]
[WhiteElo "2147"]
[BlackElo "2501"]
[Annotator "TA"]
[PlyCount "72"]
[EventDate "2019.11.23"]
[EventType "team-tourn"]
[EventCountry "IRI"]
[SourceTitle "playchess.com"]
[Source "ChessBase"]
[SourceQuality "1"]

{[%evp 18,72,32,4,10,6,41,0,0,0,-2,0,1,-27,-21,-23,-25,-47,-39,-72,-28,-35,-29,-58,-58,-48,-22,-58,-58,-54,-29,-35,-27,-41,-29,-228,-228,-321,-339,-378,-373,-369,-381,-368,-366,-485,-349,-328,-375,-531,-531,-523,-517,-1132,-687,-978,-968]} 1. d4 Nf6 2. c4 e6 3. g3 d5 4. Nf3 Be7 5. Bg2 O-O 6. O-O Nbd7 7. Qc2 c6 8. Nbd2 b6 9. e4 dxc4 10. Nxc4 Bb7 $1 {E09: Closed Catalan: Main Line: 7 Qc2 c6 8 Nbd2} 11. Bg5 (11. e5 Nd5 12. Bd2 Rc8 13. Qe4 b5 14. Na5 Ba8 15. Qg4 g6 16. Nb3 h5 17. Qe4 c5 18. dxc5 {½-½ (21) Wang,H (2737)-Fedoseev,V (2680) Poikovsky 2019}) 11... h6 12. Bxf6 $146 (12. e5 $5 {[%cal Re5f6]} hxg5 13. Nxg5 $11) ({Predecessor:} 12. e5 Ne8 13. Bxe7 Qxe7 14. Nh4 Rb8 15. f4 c5 16. Bxb7 Rxb7 17. Qe4 Rb8 18. d5 exd5 19. Qxd5 {0-1 (39) Eggleston,D (2413)-Studer,N (2436) Novi Sad 2016}) 12... Nxf6 {The position is equal.} 13. Rfd1 Qc7 14. Rac1 Rac8 15. Qe2 Rfd8 16. Ncd2 c5 17. e5 Nd5 {[%cal Bf6d5,Bd5b4,Bb4c2][%mdl 32]} 18. dxc5 bxc5 19. Nc4 Rd7 20. Nfd2 Ba6 21. b3 Rcd8 22. f4 Nb4 23. Ne4 Rd4 24. Rxd4 cxd4 25. Qd2 $1 d3 {Threatens to win with ...Nc2.} 26. h3 $2 {[#]} (26. Ned6 $1 $11 {and White stays safe.} Qc5+ 27. Kh1) 26... Nc2 $19 27. Ncd6 (27. Rxc2 $142 dxc2 28. Qxc2) 27... f5 28. Nc3 Bxd6 29. exd6 Qxd6 30. Kh2 Qd4 31. Na4 Bb5 32. Nc3 Be8 33. Bf3 (33. Nd1 $142) 33... Rc8 {Black is clearly winning.} 34. Nd1 Kh7 35. Nf2 (35. Bg2 $142 Bc6 36. Qf2 Qxf2 37. Nxf2 Bxg2 38. Nxd3) 35... Ne3 36. Qxd3 {[#]} Ng4+ $1 {[%mdl 512] Accuracy: White = 23%, Black = 83%.} 0-1

[Event "18th IRI-chT Super League 2019"]
[Site "Tehran"]
[Date "2019.11.27"]
[Round "8.4"]
[White "Golizadeh, Asghar"]
[Black "Majidi Shadan, Ali"]
[Result "1-0"]
[WhiteElo "2457"]
[BlackElo "1987"]
[Annotator "TA"]
[PlyCount "81"]
[EventDate "2019.11.23"]
[EventType "team-tourn"]
[EventCountry "IRI"]
[SourceTitle "playchess.com"]
[Source "ChessBase"]
[SourceQuality "1"]

{[%evp 23,81,0,0,-9,9,23,14,25,17,18,15,0,0,0,0,0,0,0,0,-15,0,-31,25,28,27,24,37,0,125,96,85,83,243,245,270,270,263,267,254,195,296,274,289,261,287,231,312,295,400,393,400,400,595,435,1747,1647,6025,5139,29986,1512]} 1. Nf3 Nf6 2. c4 g6 3. g3 Bg7 4. Bg2 O-O 5. O-O d6 6. d4 Nbd7 7. Nc3 e5 8. e4 exd4 9. Nxd4 a6 10. h3 Re8 11. a4 Rb8 12. Re1 Ne5 13. b3 {E68: King's Indian: Fianchetto: 6...Nbd7 7 0-0 e5 8 e4} Nc6 {[#] White must now prevent ...Nxd4.} (13... Nfd7 14. Be3 Nc5 15. Bf1 Nc6 16. Rb1 Nxe4 17. Nxe4 Rxe4 18. Nxc6 bxc6 19. Bg2 Re5 20. Bxc6 Bxh3 {½-½ (96) So,W (2760)-McShane,L (2674) Las Vegas 2015}) 14. Be3 Nxd4 15. Bxd4 {The position is equal.} c5 16. Be3 Ng4 $146 ({Predecessor:} 16... Nd7 17. Rc1 Ne5 18. Re2 Nc6 {1-0 (34) Minero Pineda,S (2315)-Melendez Vega,E (2020) Costa Rica 1997}) 17. Bd2 Ne5 18. Rb1 Be6 19. Kh2 Nc6 20. Qc1 Nd4 21. Bg5 Qa5 22. Bf4 Nf3+ (22... b5 $15) 23. Bxf3 $11 {Threatens to win with Nd5.} Bxc3 24. Rd1 Be5 25. Bg2 b5 (25... Qc7 $11) 26. Bxe5 dxe5 27. cxb5 {[%mdl 64] [#] Discovered Attack} c4 $2 (27... Qb6 $16 {might work better.}) 28. bxc4 $18 Qxa4 {[%cal Ra6b5]} 29. Ra1 Qxc4 30. bxa6 Ra8 31. Rd6 Ra7 (31... Qb4 $142 32. Qa3 Qxa3 33. Rxa3 Ra7) 32. Qe3 Qc7 33. Bf1 Rea8 34. Qb6 Qe7 35. Rad1 Kg7 36. Rd8 Rxd8 37. Rxd8 ({Weaker is} 37. Qxd8 Qc5 $18) 37... Rc7 (37... h5 $142 38. Rb8 h4) 38. Rb8 {Rb7 is the strong threat.} Rc2 (38... Bc8 $142 39. a7 Bb7) 39. a7 Qf6 40. a8=Q {White wants to mate with Rg8+.} Rxf2+ 41. Qxf2 {Accuracy: White = 79%, Black = 30%.} (41. Bg2 $142 Rxg2+ 42. Kxg2 Kh6 43. Qa3 Bxh3+ 44. Kxh3 Qf1+ 45. Kh2 Qe2+ 46. Kg1) 1-0

[Event "18th IRI-chT Super League 2019"]
[Site "Tehran"]
[Date "2019.11.27"]
[Round "8.5"]
[White "Kalvandi, Nashmil"]
[Black "Alinasab, Mobina"]
[Result "0-1"]
[WhiteElo "1722"]
[BlackElo "2318"]
[Annotator "TA"]
[PlyCount "62"]
[EventDate "2019.11.23"]
[EventType "team-tourn"]
[EventCountry "IRI"]
[SourceTitle "playchess.com"]
[Source "ChessBase"]
[SourceQuality "1"]

{[%evp 16,62,5,15,24,29,47,1,46,-18,0,-44,-54,-69,-33,-55,-15,-29,-28,-16,-24,-17,-21,-38,0,0,-1,-17,-11,-106,-113,-121,-97,-106,-117,-238,-231,-233,-258,-419,-417,-1205,-1155,-1095,-661,-645,-545,-29996,-530]} 1. d4 Nf6 2. c4 e6 3. Nc3 Bb4 4. e3 b6 5. Nge2 Ne4 6. Qc2 Bb7 7. a3 Bxc3+ 8. Nxc3 Nxc3 9. Qxc3 Qh4 {E44: Nimzo-Indian: Rubinstein: 4...b6 5 Ne2} 10. b4 d6 11. Bb2 O-O {The position is equal.} 12. h3 $146 (12. d5 $14 Qh6 13. dxe6) ({Predecessor:} 12. d5 Qh6 13. Rd1 Nd7 14. Be2 Rae8 15. O-O f5 16. dxe6 Rxe6 17. c5 Ne5 18. cxd6 cxd6 19. Qc7 Nf3+ 20. Bxf3 Bxf3 21. Qc4 d5 22. Rxd5 Qh3 {0-1 (22) Tregubov,P (2585)-Moiseenko,A (2657) Doha 2016}) 12... Nd7 13. Rg1 a5 14. b5 Be4 (14... e5 $5) 15. Qd2 a4 16. O-O-O Rac8 17. f3 {And now g3 would win.} Bg6 18. Bd3 Bxd3 19. Qxd3 d5 20. Kb1 Nf6 21. Bc3 c6 22. Bb4 {[#]} (22. bxc6 $11 Rxc6 23. Be1) 22... dxc4 $1 $17 23. Qxc4 cxb5 24. Qxb5 {[#]} Nd5 $1 25. g3 (25. Qxa4 $17 {might work better.} Nxe3 26. Bxf8 Nxd1 27. Rxd1 Rxf8 28. Qb4) 25... Qf6 $19 26. e4 Nxb4 ({Don't do} 26... Qxf3 27. Qd3 (27. exd5 $2 {gets mated.} Qb3+ 28. Ka1 Rc2 29. Bxf8 Ra2#)) 27. Qxb4 $2 (27. axb4 {is the only way for White.} Qxf3 28. Qd3) 27... Qxf3 {Hoping for ...Rc3.} 28. d5 (28. Rc1 $142 Qxe4+ 29. Ka1) 28... Rc3 29. Ka2 Qe2+ 30. Ka1 Rb3 {[%csl Gb3][%cal Re2b2]} 31. Qd4 Rxa3+ {Accuracy: White = 24%, Black = 53%.} 0-1

[Event "18th IRI-chT Super League 2019"]
[Site "Tehran"]
[Date "2019.11.27"]
[Round "8.6"]
[White "Maghsoodloo, Parham"]
[Black "Atakhan, Abtin"]
[Result "1-0"]
[WhiteElo "2684"]
[BlackElo "2314"]
[Annotator "TA"]
[PlyCount "83"]
[EventDate "2019.11.23"]
[EventType "team-tourn"]
[EventCountry "IRI"]
[SourceTitle "playchess.com"]
[Source "ChessBase"]
[SourceQuality "1"]

{[%evp 13,83,21,27,11,43,19,23,17,41,31,33,38,35,32,46,63,76,74,110,104,129,127,124,106,144,148,170,161,182,181,192,167,170,163,179,174,211,132,139,128,130,122,181,186,182,135,142,146,223,220,246,245,226,204,285,227,308,210,304,320,431,423,638,638,588,601,710,710,771,770,1094,900]} 1. e4 c5 2. Nf3 Nc6 3. Bb5 g6 4. Bxc6 bxc6 5. O-O Bg7 6. Re1 Nh6 7. c3 O-O 8. h3 {B31: Sicilian: 2...Nc6 3 Bb5 g6} (8. d4 cxd4 9. cxd4 d5 10. e5 f6 11. exf6 exf6 12. Nbd2 Re8 13. Nb3 Rxe1+ 14. Qxe1 Nf5 15. Bd2 Bd7 16. Nc5 Qc7 17. Rc1 Re8 {½-½ (48) Aronian,L (2758)-Le,Q (2708) Khanty-Mansiysk 2019}) 8... d5 9. e5 f6 10. d3 {White has an edge.} fxe5 $146 ({Predecessor:} 10... Nf7 11. Bf4 g5 12. exf6 exf6 13. Be3 Qd6 14. Nbd2 Nd8 15. Qa4 Ne6 {1-0 (38) Kosteniuk,A (2555)-Simakova,E (1948) Sochi 2018}) 11. Nxe5 Qd6 12. Bxh6 Bxh6 13. Nd2 Bg7 14. Ndf3 Bf5 15. Qa4 Rf6 16. Re2 Qc7 17. Rae1 Raf8 18. Qh4 Qd6 19. Ng4 Bxg4 20. hxg4 Rxf3 21. gxf3 e5 22. Kg2 Rf4 23. Qg3 h6 24. a3 g5 25. Rh1 a5 26. Rhe1 a4 27. Qh3 Kf8 (27... Qe7 $16 {is a better defense.} 28. Rc1 Qe6) 28. Re3 $18 Kg8 29. R1e2 Qe6 30. Qh1 Rf8 (30... Kh7 $16 31. Qh3 Rf7) 31. Qd1 Qf7 32. Re1 {[%cal Be2e1,Be1h1,Bh1h3][%mdl 32]} ({Weaker is} 32. Qxa4 d4 $14) 32... Qf4 33. Rh1 Rf7 34. Rh3 Rf8 35. Re2 Rf7 (35... Rb8 $142 36. Qd2 Qf6) 36. Qc2 Rf6 37. c4 {White is clearly winning.} Rf7 (37... Qd4 $142 38. Qxa4 Kh8) 38. cxd5 cxd5 39. Qxc5 e4 40. dxe4 d4 41. e5 {[#] Strongly threatening Re4.} Bf8 42. Qc6 {Played: Qc5-d5} 1-0

[Event "18th IRI-chT Super League 2019"]
[Site "Tehran"]
[Date "2019.11.27"]
[Round "8.7"]
[White "Poormosavi, Seyed Kian"]
[Black "Martirosyan, Haik M."]
[Result "0-1"]
[WhiteElo "2312"]
[BlackElo "2607"]
[Annotator "TA"]
[PlyCount "68"]
[EventDate "2019.11.23"]
[EventType "team-tourn"]
[EventCountry "IRI"]
[SourceTitle "playchess.com"]
[Source "ChessBase"]
[SourceQuality "1"]

{[%evp 9,72,7,7,-8,4,0,-6,-17,-14,-32,-36,-38,-38,-57,-64,-61,-64,-91,-75,-67,-62,-67,-38,-48,-37,-36,-14,-9,-14,-102,-87,-91,-76,-114,-125,-260,-250,-359,-352,-427,-315,-421,-430,-397,-316,-308,-305,-548,-547,-1543,-1517,-1868,-1688,-1973,-1892,-6403,-5365,-29994,-29993,-29993,-29994,-29996,-29997,-29997,-29998]} 1. Nf3 d5 2. g3 Nc6 3. d4 Bf5 4. c4 (4. Bg2 e6 5. O-O Nb4 6. Na3 c6 7. c3 Na6 8. Qb3 Qc8 9. Nh4 Be4 10. f3 Bg6 11. Nxg6 hxg6 12. e4 Nf6 13. e5 Nd7 14. f4 {1-0 (51) Grischuk,A (2766)-Duda,J (2737) chess.com INT 2018}) 4... e6 5. Bg2 Nb4 {[#] White must now prevent ...Nc2+.} 6. Na3 {D02: 1 d4 d5 2 Nf3 sidelines, including 2...Nf6 3 g3 and 2...Nf6 3 Bf4} Be7 7. O-O c6 8. Qb3 {The position is equal.} a5 9. c5 b6 10. cxb6 Qxb6 11. Bg5 $146 ({Predecessor:} 11. Ne5 Nf6 12. Bg5 Qxd4 13. Qc3 Qb6 {0-1 (43) Jirka,J (2372)-Maslak,K (2537) Olomouc 2006}) 11... Nf6 12. Nh4 Bg4 13. Bf3 Bh3 14. Rfc1 a4 15. Qd1 $1 h6 16. Be3 g5 17. Ng2 Bf5 {And now ...g4 would win.} 18. Ne1 $1 O-O $36 {[%mdl 2048] Black has the initiative.} 19. Nac2 (19. Nb1 $11) 19... Nxc2 $17 20. Nxc2 Rfc8 21. Qd2 Qxb2 22. Rab1 (22. h4 $17) 22... Qxa2 $19 23. Rb7 (23. Ra1 {was called for.} Qc4 24. h4) 23... Bf8 24. h4 Rab8 25. Rxb8 Rxb8 26. hxg5 Rb1 {Strongly threatening ...Bxc2.} 27. gxf6 Qxc2 28. Rxb1 $2 (28. Qxc2 Bxc2 29. Rxb1 Bxb1 30. Bd2) 28... Qxb1+ 29. Kg2 a3 30. Bxh6 a2 31. Qg5+ Bg6 32. Bxf8 a1=Q {[%csl Ga1][%cal Rb1h1]} 33. Qh6 Qg1+ {Black mates.} 34. Kh3 {[#]} Bf5+ 0-1